LDR 00658naa#a2200193#i#450# 001 EN\INFRA-M\bibl\103510 005 20260428032126.2 011 ## _a1998-0728 100 ## _a20250825b2025####ek#y0engy0150####ca 102 ## _aRU 200 1# _aDeveloping Students’ Emotional Intelligence in Literature Lessons _eJournal article 210 1# _aMoscow _cINFRA-M Academic Publishing LLC. _d2025 215 ## _a4 с. 608 ## _aJournal article _2local 675 ## _aПервая ступень обучения. Начальная школа. 373.3 _aэмоций. 37.025.3 _z 700 #1 _aVlasova _gN. N. 700 #1 _aPortnova _gS. A. 700 #1 _aTimahova _gO. A. 856 4# _anaukaru.ru _u